000 00439nmm a2200157Ia 4500
008 251105s9999||||xx |||||||||||||||||und||
020 _a9788416110575
041 _aspa
100 _aÁlvarez Carro, Juanjo
245 0 _aHabanera para un condecito
264 _a[Madrid, España] :
_bExLibric,
_c2015
300 _a408 páginas
650 _aSpanish narrative
856 _uhttps://public.digitaliapublishing.com/a/85383
942 _cCF
999 _c77267
_d77267